| 000 | 01135nam a2200301 i 4500 | ||
|---|---|---|---|
| 003 | EG-GICUC | ||
| 005 | 20260328044324.0 | ||
| 008 | 260306s1980 ua o|||fr|||| 00| 0 fre d | ||
| 040 |
_a EG-GICUC _bfre _c EG-GICUC _d EG-GICUC _erda |
||
| 041 | 0 | _aFre | |
| 082 | 0 | 4 |
_221 _a343 _bCO . A |
| 092 | 0 | 4 | _221 |
| 099 | _aLaw1 10 343 CO . A 1980 | ||
| 240 | _aĺoollllkl | ||
| 245 | 0 | 0 |
_aAssociation Internationale De Droit Penal. _nInternationale Strafrechtsvereinigung Xii. Internationaler Strafrechtskongreß, _p16.-22. September 1979 Kongressakten / _cHerausgeber Professor Dr. Dr. H.c. Mult. Hans-heinrich Jescheck. |
| 264 | 1 |
_aHamburg : _bGroupe National Allemand De L'a.i.d.p, _c1980. |
|
| 300 |
_a648 pages : _bphotographies; _c24 cm. |
||
| 336 |
_2rda content _atext |
||
| 337 |
_2rda media _aComputer |
||
| 338 |
_2rda carrier _aOnline Resource |
||
| 546 | _aالنص باللغة الفرنسية | ||
| 650 | 1 |
_2qrmak _aDroit pénal |
|
| 651 | 1 | _2qrmak | |
| 700 | 1 |
_aHans-heinrich Jescheck, H.c. Mult. _eeditor. |
|
| 856 | 4 | 0 | _uhttps://fll.law.cu.edu.eg/fulltext/conf/B10-08260.pdf |
| 905 | _a54 | ||
| 942 |
_2ddc _cBK _e21 _n0 |
||
| 999 |
_c65250 _d65250 |
||